000 00419nam a2200157Ia 4500
003 GCL
008 140319s9999 xx 000 0 eng d
040 _aGCL /
_cGCL
082 0 4 _a658
_bA M
100 1 _aAPPLEBY, ROBERTC
245 1 0 _aMODERN BUSINESS ADMINITRATION 6TH ED /
_cAPPLEBY, ROBERTC
260 _a[S.N] :
_bPITMAN PUBLISHING ،
_c1994
300 _a500
650 0 4 _aBUSINESS FORECASTING
942 _2ddc
_cBK
999 _c17016
_d17016